ბათუმის შოთა რუსთაველის სახელმწიფო უნივერსიტეტის ბიბლიოთეკა

სამშენებლო მექანიკა (მოკლე კურსი). ნაწ.1 : სახელმძღვ. / (ბიბ.ჩანაწერი № 40299)

000 -ლიდერი
ფიქსირებული სიგრძის საკონტროლო ველი 00875nam a2200205Ia 4500
001 - საკონტროლო ნომერი
საკონტროლო ველი 6907
003 - საკონტროლო ნომრის იდენტიფიკატორი
საკონტროლო ველი GE_BSU
005 - ბოლო ოპერაციის თარიღი და დრო
საკონტროლო ველი 20190702163909.0
008 - ფიქსირებული სიგრძის მონაცემთა ელემენტები - ზოგადი ინფორმაცია
ფიქსირებული სიგრძის საკონტროლო ველი 181216s1978|||| |||||||||||||| ||geo||
041 ## - ენის კოდი
Language code of text/sound track or separate title geo
080 ## - უნივერსალური ათობითი კლასიფიკაციის ინდექსი
Universal Decimal Classification number 624.04(075.8) ს-44
100 ## - მთავარი ჩანაწერი - პიროვნების სახელი
Personal name სეხნიაშვილი, ე.
9 (RLIN) 3154
245 ## - ცნობა სათაურის შესახებ
Title სამშენებლო მექანიკა (მოკლე კურსი). ნაწ.1 : სახელმძღვ. /
Statement of responsibility, etc ე. სეხნიაშვილი ; რედ : მ. სულაძე.
264 ## - წარმოების, გამოცემის, დისტრიბუციის და სხვა ცნობები
გამოცემის, წარმოების, დისტრიბუციის... ადგილი თბილისი :
გამოცემის, წარმოების, დისტრიბუციის... სახელწოდება განათლება
გამოცემის, წარმოების, დისტრიბუციის... თარიღი 1978.
300 ## - ფიზიკური აღწერა
Extent 208 გვ .:
Dimensions 22 სმ.
504 ## - BIBLIOGRAPHY, ETC. NOTE
Bibliography, etc ბიბლიოგრ.:გვ.205
653 ## - INDEX TERM--UNCONTROLLED
Uncontrolled term სამშენებლო მექანიკა
700 ## - ADDED ENTRY--PERSONAL NAME
Personal name სულაძე, მ
Relator term რედაქტორი
9 (RLIN) 3155
942 ## - ADDED ENTRY ELEMENTS (KOHA)
Koha item type წიგნი
Source of classification or shelving scheme
ეგზემპლარები
ჩამოწერის სტატუსი დაკარგული ეგზემპლარის სტატუსი კლასიფიკაციის წყარო ან თაროზე გაწყობის სქემა დაზიანების სტატუსი არ გაიცემა მუდმივი მდებარეობა (დაცვის ადგილი) ამჟამინდელი ადგილსამყოფელი თაროზე განთავსების ადგილი შეძენის თარიღი ღირებულება, შესყიდვის ნორმალური ფასი სრული შენახვის შიფრი შტრიხკოდი ბოლო ოპერაციის თარიღი ეგზემპლარის მიმდევრობითი ნომერი (კეტერი?) ფასის ძალაში შესვლის თარიღი ეგზემპლარის სახეობა საჯარო შენიშვნა
          ტექნოლოგიური ფაკულტეტის ბიბლიოთეკა ტექნოლოგიური ფაკულტეტის ბიბლიოთეკა წიგნსაცავი 2018-12-17 1.00 624.04(075.8) ს-44 11266 2018-12-17 11266 2018-12-17 წიგნი 1 ლ. 40 თ.
          ტექნოლოგიური ფაკულტეტის ბიბლიოთეკა ტექნოლოგიური ფაკულტეტის ბიბლიოთეკა წიგნსაცავი 2018-12-17 1.00 624.04(075.8) ს-44 11267 2018-12-17 11267 2018-12-17 წიგნი 1 ლ. 40 თ.
          ტექნოლოგიური ფაკულტეტის ბიბლიოთეკა ტექნოლოგიური ფაკულტეტის ბიბლიოთეკა წიგნსაცავი 2018-12-17 1.00 624.04(075.8) ს-44 11268 2018-12-17 11268 2018-12-17 წიგნი 1 ლ. 40 თ.
          ტექნოლოგიური ფაკულტეტის ბიბლიოთეკა ტექნოლოგიური ფაკულტეტის ბიბლიოთეკა წიგნსაცავი 2018-12-17 1.00 624.04(075.8) ს-44 11269 2018-12-17 11269 2018-12-17 წიგნი 1 ლ. 40 თ.